| 000 | 00834nam a2200241 a 4500 | ||
|---|---|---|---|
| 001 | 000030408 | ||
| 005 | 20241010113235.0 | ||
| 008 | 110517s2011 dr 001 0 spa d | ||
| 020 | _z9780045874808 | ||
| 040 |
_aDO-SdBNP _bspa _cBNPHU |
||
| 082 |
_a370.1 _bP153e |
||
| 100 | 1 |
_aPalacio, Ángel _957036 |
|
| 245 | 1 | 0 |
_aEducar es mucho más : _bfilosofía de la educación / _cÁngel Palacio. |
| 260 |
_aSanto Domingo : _bAmigo del Hogar, _c2011. |
||
| 300 |
_a202 p. ; _c23 cm. |
||
| 504 | _aIncluye bibliografía y notas al pie de páginas. | ||
| 585 | _aLa biblioteca posee dos ejemplares autografiados por el autor. | ||
| 590 | _aInventariado, 2018/LP | ||
| 650 | 0 |
_aPedagogía _9693 |
|
| 650 | 0 |
_aEducación _xFilosofía _93186 |
|
| 650 | 4 |
_aEducación _xFines y objetivos _936721 |
|
| 910 | _aValidado. Control de calidad EMS. | ||
| 999 |
_c29900 _d29900 |
||